<?xml version="1.0" encoding="UTF-8"?>
<record
    xmlns:xsi="http://www.w3.org/2001/XMLSchema-instance"
    xsi:schemaLocation="http://www.loc.gov/MARC21/slim http://www.loc.gov/standards/marcxml/schema/MARC21slim.xsd"
    xmlns="http://www.loc.gov/MARC21/slim">

  <leader>00876cam a22002771a 4500</leader>
  <controlfield tag="001">he 67000496 </controlfield>
  <controlfield tag="003">DLC</controlfield>
  <controlfield tag="005">20260227111444.0</controlfield>
  <controlfield tag="008">861103s1964    nyu           000 1 yidr </controlfield>
  <datafield tag="010" ind1=" " ind2=" ">
    <subfield code="a">he 67000496 </subfield>
  </datafield>
  <datafield tag="035" ind1=" " ind2=" ">
    <subfield code="a">(OCoLC)19303258</subfield>
  </datafield>
  <datafield tag="040" ind1=" " ind2=" ">
    <subfield code="a">DLC</subfield>
    <subfield code="c">MH</subfield>
    <subfield code="d">TxU</subfield>
    <subfield code="d">OU</subfield>
    <subfield code="d">DLC</subfield>
  </datafield>
  <datafield tag="042" ind1=" " ind2=" ">
    <subfield code="a">premarc</subfield>
  </datafield>
  <datafield tag="050" ind1="0" ind2="0">
    <subfield code="a">PJ5053.H384</subfield>
    <subfield code="b">H38</subfield>
  </datafield>
  <datafield tag="100" ind1="1" ind2=" ">
    <subfield code="a">Hazaz, Haim,</subfield>
    <subfield code="d">1898-1973.</subfield>
  </datafield>
  <datafield tag="240" ind1="1" ind2="0">
    <subfield code="a">&#x1E24;agorat mazalot.</subfield>
    <subfield code="l">Yiddish</subfield>
  </datafield>
  <datafield tag="245" ind1="1" ind2="4">
    <subfield code="a">Der &#x1E6D;aykh gey&#x1E6D; /</subfield>
    <subfield code="c">&#x1E24;ayim Hazaz ; Yidish, L. Olits&#x1E33;i.</subfield>
  </datafield>
  <datafield tag="260" ind1=" " ind2=" ">
    <subfield code="a">Nyu York :</subfield>
    <subfield code="b">Der Kval,</subfield>
    <subfield code="c">1964.</subfield>
  </datafield>
  <datafield tag="300" ind1=" " ind2=" ">
    <subfield code="a">296 p. ;</subfield>
    <subfield code="c">24 cm.</subfield>
  </datafield>
  <datafield tag="500" ind1=" " ind2=" ">
    <subfield code="a">Title on t.p. verso: The river rolls = Der Teich geht.</subfield>
  </datafield>
  <datafield tag="500" ind1=" " ind2=" ">
    <subfield code="a">Translation of &#x1E24;agorat mazalot.</subfield>
  </datafield>
  <datafield tag="505" ind1="0" ind2=" ">
    <subfield code="a">An ayngefalener horizon&#x1E6D;. -- A &#x1E25;upe un a ringl.--Der &#x1E6D;aykh gey&#x1E6D;.</subfield>
  </datafield>
  <datafield tag="700" ind1="1" ind2=" ">
    <subfield code="a">Olitsky, L.</subfield>
  </datafield>
  <datafield tag="740" ind1="4" ind2=" ">
    <subfield code="a">The river rolls.</subfield>
  </datafield>
  <datafield tag="740" ind1="4" ind2=" ">
    <subfield code="a">Der Teich geht.</subfield>
  </datafield>
  <datafield tag="999" ind1=" " ind2=" ">
    <subfield code="c">32222</subfield>
    <subfield code="d">32222</subfield>
  </datafield>
</record>
